Obálka Náhled e-knihy:
PDF Epub
Pro půjčování e-knih musíte být přihlášeni.
Jak si půjčit online?

Hodná holka /

Úvodní román detektivní série, v níž nechybí ani humor, uvádí na scénu bývalého spisovatele a rádoby detektiva Lukáše a jeho pomocnici Adu.

Uloženo v:
Hlavní autor: Sněgoňová, Kristýna, 1986- (Autor)
Médium: E-kniha
Jazyk:Czech
Vydáno: Praha : Dobrovský s.r.o., 2026
Edice:Vendeta
Témata:
Tagy:
Žádné tagy
LEADER 02664nam a2200409 i 4500
001 312986
003 CZ PrSKC
005 20260601215731.0
007 ta
008 260529s2026 xr g 000 f cze
015 |a cnb003761194 
020 |a 9788027775743  |q (brožováno) :  |c Kč 399,00 
040 |a ABG001  |b cze  |e rda 
072 7 |a 821.162.3-3  |x Česká próza  |2 Konspekt 
080 |a 821.162.3-31  |2 MRF 
080 |a (0:82-312.4)  |2 MRF 
100 1 |a Sněgoňová, Kristýna,  |d 1986-  |7 xx0125097  |4 aut 
245 1 0 |a Hodná holka /  |c Kristýna Sněgoňová 
264 1 |a Praha :  |b Dobrovský s.r.o.,  |c 2026 
300 |a 302 stran ;  |c 20 cm 
336 |a text  |b txt  |2 rdacontent 
337 |a bez média  |b n  |2 rdamedia 
338 |a svazek  |b nc  |2 rdacarrier 
490 1 |a Vendeta 
500 |a Obálkový podnázev: první případ detektivní kanceláře Veselá pravda 
520 2 |a Úvodní román detektivní série, v níž nechybí ani humor, uvádí na scénu bývalého spisovatele a rádoby detektiva Lukáše a jeho pomocnici Adu.  |b První případ detektivní kanceláře Veselá pravda. Kdysi býval Lukáš králem detektivek, ale ty časy už jsou pryč. Teď hledá vyhořelý spisovatel způsob, kterým by se mohl vrátit na výsluní. A jak lépe najít ztracenou múzu než během skutečného detektivního pátrání? Jenže jak se ukáže, psát o zločinech je mnohem snazší než snažit se odhalit, kam zmizela jedna nenápadná dívka. Lukáš přitom získá nečekanou pomoc v podobě Ady. Ta má sice hlavu plnou dětských říkanek, ale o špinavém prádle v sousedství ví víc, než by kdokoliv jiný přiznal. Společně se pouští do pátrání, které stojí na ostrých slovech a ještě ostřejších postřezích. Vyhaslý bestsellerista zjistí, že dobrý spisovatel nutně nemusí být dobrý detektiv - ale naštěstí není na hledání pravdy sám. Nakladatelská anotace. 
655 7 |a české romány  |7 fd133974  |2 czenas 
655 7 |a detektivní romány  |7 fd132010  |2 czenas 
655 9 |a Czech fiction  |2 eczenas 
655 9 |a detective novels  |2 eczenas 
710 2 |a Dobrovský (firma)  |7 olak2017946581  |4 pbl 
830 0 |a Vendeta 
900 |a ABG001  |b 18 
044 |a xr 
910 |a RBIT002 
998 |d 427422  |a https://core.palmknihy.cz/api/books/427422/cover?tfqwlj  |b https://core.palmknihy.cz/api/books/427422/cover/400?tfqwlj  |c https://core.palmknihy.cz/api/books/427422/cover/50?tfqwlj  |e 2036-05-27  |g 304  |i 9788027775743  |j https://core.palmknihy.cz/api/books/427422/preview.epub  |k https://core.palmknihy.cz/api/books/427422/preview.pdf  |l   |q 49  |r 1  |s https://www.palmknihy.cz/kniha/427422  |t ebook  |y 2026  |z 0 
999 |d 312984